Kpop boygroup - Statistics

General Stats
  • This quiz has been taken 332 times
  • The average score is 25 of 71
Answer Stats
Answer % Correct
Bts
98%
Stray kids/skz
95%
enhypen
91%
ateez
86%
Seventeen
86%
TXT
86%
EXO
82%
NCT
82%
B.I.G
81%
BigBang
79%
Got7
69%
BOYNEXTDOOR
68%
SHINee
66%
ZEROBASEONE
63%
Monsta X
60%
Astro
59%
RIIZE
58%
Treasure
58%
P1Harmony
56%
The boyz
54%
Ikon
52%
Super junior
52%
2PM
49%
BTOB
48%
TWS
44%
Day6
43%
ONEUS
43%
PENTAGON
43%
Wanna One
40%
Cravity
39%
2AM
38%
SuperM
38%
winner
37%
Xdinary Heroes
33%
SF9
32%
Block B
31%
TVXQ
29%
VIXX
26%
Infinite
25%
AB6IX
24%
Golden child
22%
NU’EST
21%
Tempest
19%
Victon
19%
VICTON
19%
JUST B
18%
MCND
18%
Omega X
18%
ONF
16%
EPEX
14%
Shinhwa
13%
Wei
13%
Teen Top
8%
U-kiss
7%
Ciipher
5%
Fantasy Boys
4%
JJCC
2%
LUMINOUS
2%
TST
2%
Brown Eyed Soul
1%
DAYCHILD
1%
Epik hight
1%
hightlight
1%
MYBOYZ
1%
WOW
1%
Black level
0%
Classmate
0%
Fable
0%
Map6
0%
megamax
0%
Withus
0%
No matching quizzes found
Score Distribution
Percent of People with Each Score
Percentile by Number Answered
Your Score History
You have not taken this quiz